Příspěvek k problematice svařování laserem

Bibliographic Details
Main Author: Minařík, Václav, 1952- (Author)
Format: Article
Language:Czech
PhysicalDescription:Tb. 1. Sch. 14., lit. 5 zázn. v češ., angl.
Subjects:

MARC

LEADER 00000nab a2200000 a 4500
001 vtls000252895
003 SK-MaSNL
005 20260302221020.0
008 160204c1986 xo 0 cze
015 |a SNBRA19rr/mm-uuuuu 
035 |a CL0263009 
040 |a SNKBUCL  |b slo  |c SNKBUCL  |e AACR2 
041 0 |a cze 
044 |a xo  |c SK 
080 |a 621.791.72  |2 1981 
100 1 |a Minařík, Václav,  |d 1952-  |4 aut  |9 120492 
245 1 0 |a Příspěvek k problematice svařování laserem  |c Václav Minařík 
300 |b Tb. 1. Sch. 14., lit. 5 zázn. v češ., angl. 
650 0 7 |a zváranie laserom  |2 snkbucl  |9 15569 
650 0 7 |a zvary  |2 snkbucl  |9 50956 
650 0 7 |a drôty  |2 snkbucl  |9 68767 
655 7 |a články zo zborníkov  |2 snkbucl  |9 166140 
773 0 |t Zváranie, rezanie a povrchové tepelné spracovanie elektrónovým lúčom a laserom  |d Bratislava : Dom techniky ČSVTS, 1986  |g S. 68-76 
850 |a Slovenská národná knižnica v Martine  |a MTA001 
852 |a SNK  |b KIS3GCP 
958 |a NB 
958 |a RK 
958 |a CZ 
992 |a RZB 
999 |c 1509783  |d 1511713